LIBRARY & INFORMATION CENTRE, KCAET, TAVANUR

ONLINE PUBLIC ACCESS CATALOGUE (OPAC)

Clarissa / (Record no. 4373)

MARC details
000 -LEADER
fixed length control field 00381cam a2200157ua 4500
041 ## - LANGUAGE CODE
Language code of text/sound track or separate title eng
082 ## - DEWEY DECIMAL CLASSIFICATION NUMBER
Classification number 823.308
Item number RIC/CL
100 ## - MAIN ENTRY--AUTHOR NAME
Personal name Richardsen, Samuel .
245 ## - TITLE STATEMENT
Title Clarissa /
260 ## - PUBLICATION, DISTRIBUTION, ETC. (IMPRINT)
Place of publication London :
Name of publisher Everymans Library ,
Year of publication 1962.
300 ## - PHYSICAL DESCRIPTION
Number of Pages 523 ; .
942 ## - ADDED ENTRY ELEMENTS (KOHA)
Koha item type Books
Holdings
Withdrawn status Lost status Damaged status Home library Current library Date acquired Full call number Accession Number Koha item type
Withdrawn     KAUAET Malayalam University 07/04/2012 823.308 4546 Books
Withdrawn     KAUAET Sanskrit University 07/04/2012 823.308 4544 Books
free website counter